Schengen sa už dostal do paragrafov z júnových rokovaní Legislatívnej rady vlády Slovenskej republiky

Bibliographic Details
Main Author: Grman, Štefan, 1950- (Author)
Format: Article
Language:Slovak
ISSN:1335-7883
Subjects:

MARC

LEADER 00000nab a2200000 ar4500
001 vtls008948680
003 SK-MaSNL
005 20260303224441.0
008 070223c2007 xo sr|p|||||||000 b|slo
015 |a SNBRB2007/08  |2 snkbucl 
038 |a SNKBUCL 
040 |a SNKBUCL  |b slo  |c SNKBUCL  |e AACR2 
041 0 |a slo 
044 |a xo  |c SK 
080 |a 342.525  |x (437.6)  |2 2001 
080 |a 061.3  |2 2001 
100 1 |a Grman, Štefan,  |d 1950-  |4 aut  |9 244964 
245 1 0 |a Schengen sa už dostal do paragrafov  |b z júnových rokovaní Legislatívnej rady vlády Slovenskej republiky  |c Štefan Grman 
610 1 7 |a Slovensko.  |b Vláda.  |b Legislatívna rada  |2 snkbucl  |9 109278 
648 7 |a 2007  |2 snkbucl  |9 313226 
773 0 |t Verejná správa  |g Roč. 62, č. 15-16 (2007), s. 14-15  |x 1335-7883 
852 |a SNK  |b KIS3GCP 
958 |a SK 
999 |c 2252321  |d 2254251